El camino de Scapa-Flow (Record no. 121277)

MARC details
000 -LEADER
campo de control de longitud fija 00636nam a2200193 4500
001 - NÚMERO DE CONTROL
campo de control 121277
003 - IDENTIFICADOR DE NÚMERO DE CONTROL
campo de control ES-MaACL
005 - FECHA Y HORA DE LA ÚLTIMA TRANSACCIÓN
campo de control 20230906191726.0
007 - CAMPO FIJO DE DESCRIPCIÓN FÍSICA--INFORMACIÓN GENERAL
campo de control de longitud fija t|
008 - DATOS DE LONGITUD FIJA--INFORMACIÓN GENERAL
campo de control de longitud fija 070214s1943 sp r ||||1| spa d
100 1# - ENTRADA PRINCIPAL--NOMBRE DE PERSONA
Nombre de persona Prien, Günther.
9 (RLIN) 93866
245 13 - MENCIÓN DEL TÍTULO
Título El camino de Scapa-Flow
Resto del título : (traducción directa del alemán) /
Mención de responsabilidad, etc. Günther Prien ; adaptación y prólogo de Fernando P. de Cambra.
250 ## - MENCION DE EDICION
Mención de edición 2ª ed.
260 ## - PUBLICACIÓN, DISTRIBUCIÓN, ETC.
Lugar de publicación, distribución, etc. Madrid :
Nombre del editor, distribuidor, etc. Editora Nacional,
Fecha de publicación, distribución, etc. 1943.
300 ## - DESCRIPCIÓN FÍSICA
Extensión 280 p., 8 lám. ;
Dimensiones 23 cm.
700 1# - ENTRADA AGREGADA--NOMBRE PERSONAL
Nombre de persona Cambra, Fernando P. de.
9 (RLIN) 34039
852 ## - LOCALIZACIÓN
Ubicación ES-MaACL
Número de control de estantería F-12590
Sublocalización o colección R.20581
852 ## - LOCALIZACIÓN
Ubicación ES-MaACL
Número de control de estantería C-4128
Sublocalización o colección R.23296
Holdings
Estatus retirado Estado de pérdida Estado de daño No para préstamo Biblioteca de origen Biblioteca actual Ubicación en estantería Fecha de adquisición Fuente de adquisición Total de préstamos Signatura topográfica completa Código de barras Visto por última vez Precio de reemplazo Tipo de ítem Koha
        Biblioteca del Ateneo de Madrid Biblioteca del Ateneo de Madrid Sala Palomar 17/01/2008     C-4128 1126396 23/02/2023 23/02/2023 Libro impreso
        Biblioteca del Ateneo de Madrid Biblioteca del Ateneo de Madrid Sala Pecera Planta 2 17/01/2008     F-12590 1126395 23/02/2023 23/02/2023 Libro impreso